00461nam a2200121Ia 4500008004100000100001800041245005700059245004600116260000900162856007600171999001900247952007300266160531s9999 xx 000 0 und d aNesheim, M.C. 2aA Framework for Assessing Effects of the Food System cby M.C. Nesheim, M. Oria, P.T. Yih (eds.) c2015 uhttp://www.ncbi.nlm.nih.gov/books/NBK305181/pdf/Bookshelf_NBK305181.pdf c295321d295321 001040aCLbCLd2016-05-31l0r2016-05-31 00:00:00w2016-05-31yCBE